Quiz Harry Potter à l'école des sorciers #2 - Statistiques

Statistiques générales
  • Ce quiz a été pris 121 fois
  • Le résultat moyen est 5 sur 9
Statistiques - réponses
Questions Réponses % Correct
Quel est le nom du célèbre balai volant qu'Harry reçoit ? Le Nimbus 2000
98%
Combien de frères et sœurs a Ron Weasley ? 6
90%
Comment s'appelle le fantôme qui hante la salle commune de Gryffondor ? Sir Nicholas
83%
Quelle matière enseigne le professeur McGonagall ? Métamorphose
79%
Quel est le nom du village où se situe l'école de sorcellerie Poudlard ? Pré-au-Lard
74%
Quel est le nom du gobelin qui travaille à Gringotts et qui accompagne Harry lors de sa première visite à la banque des sorciers ? Gripsec
47%
Comment s'appelle le professeur de défense contre les forces du mal ? Quirinus Quirrell
38%
Quel sortilège Harry utilise-t-il pour vaincre Voldemort à la fin de la série ? L'Expelliarmus
32%
Quelle est la créature gardant la pierre philosophale dans le film ? Fluffy
4%
Aucun quiz correspondant
Distribution des résultats
% des personnes avec chaque résultat
Percentile par nombre de réponses
Votre historique - résultats
Vous n’avez pas pris ce quiz